000
00205 a2200097 4500
001
5665
100
_a
Geary,RC
245
_a
elements of linear programming
260
_a
_b
Charles
_c
090
_c
4654
_d
4654
942
_a
NUST-CAE
_c
M
_c
30994
999
_c
240738
_d
240738